Geografía de Francia con Mapa - Estadísticas

Estadísticas generales
  • Esta prueba ha sido intentada 38 veces
  • La puntuación promedio es 10 de 16
Respuestas en el mapa
Las respuestas están codificadas por una escala verde-roja en el mapa de la prueba según el % correcto abajo.
 
Estadísticas de respuestas
Respuesta % Correcto
Lyon
92%
Alpes
89%
Bretaña
89%
Marsella
89%
Pirineos
83%
Estrasburgo
81%
Mont Blanc
78%
Toulouse
78%
Occitania
75%
Ajaccio
69%
Guadalupe
61%
Mayotte
53%
Altos de Francia
33%
Centro-Valle de Loira
17%
Barre des Écrins
3%
Piton des Neiges
3%
No se encontraron pruebas coincidentes
Distribución de puntuación
Porcentaje de gente con cada puntuación
Porcentaje por número respondido
Historial de tus puntuaciones
No has intentado esta prueba.